000 nam a22 7a 4500
999 _c10003
_d10003
008 180209b ||||| |||| 00| 0 eng d
100 _aGupta,S.K.etal.
_96042
245 _aABC of Physics-XI
260 _aNew delhi
_bModern
_c2012